| 000 | 00874nam a22002297a 4500 | ||
|---|---|---|---|
| 005 | 20121204111828.0 | ||
| 008 | 121204t xxu||||| |||| 00| 0 eng d | ||
| 010 | _aENG-106256 | ||
| 020 |
_a9788184842241 _c1180.00 |
||
| 035 | _aEN-89789 | ||
| 037 | _bDBAD/PUB | ||
| 040 |
_aDPL _bEng |
||
| 082 | _a368.954 | ||
| 100 |
_aSharma, K.C. _954009 |
||
| 245 |
_aGeneral insurance in India : _bprinciples and practices / _cby K.C. Sharma ; foreworded by A.K. Vashisht |
||
| 260 |
_aNew Delhi _bRegal Publications _c2013 |
||
| 270 |
_aF-159 Rajouri Garden _bNew Delhi _e110027 |
||
| 300 |
_axv,328p. _c23cm(Hb) |
||
| 500 | _aIncludes bibliographical references and index | ||
| 942 |
_2ddc _cEN _mSHA _h368.954 |
||
| 999 |
_c71806 _d71806 |
||